Метод аутотрансплантации фрагмента большого сальника на головной мозг с целью компенсации нарушения мозгового кровообращения (Запись № 29950)

Подробности
000 -МАРКЕР
контрольное поле 01820nam0a2200277 4500
001 - ИДЕНТИФИКАТОР ЗАПИСИ
контрольное поле RU\NLR\bibl\314196
005 - ИДЕНТИФИКАТОР ВЕРСИИ
контрольное поле 20260407081015.0
035 ## - ДРУГИЕ СИСТЕМНЫЕ НОМЕРА
Идентификатор записи (NLR Aleph) 000309295
100 ## - ДАННЫЕ ОБЩЕЙ ОБРАБОТКИ
Данные общей обработки 20021003d1998 |||y0rusy50 ca
101 0# - ЯЗЫК РЕСУРСА
Язык текста, звукозаписи и т.д. русский
102 ## - СТРАНА ПУБЛИКАЦИИ ИЛИ ПРОИЗВОДСТВА
Страна публикации Российская Федерация
105 ## - ПОЛЕ КОДИРОВАННЫХ ДАННЫХ: ТЕКСТОВЫЕ МАТЕРИАЛЫ, МОНОГРАФИЧЕСКИЕ
Кодированные данные о монографическом текстовом документе y |||||||||
200 1# - ЗАГЛАВИЕ И СВЕДЕНИЯ ОБ ОТВЕТСТВЕННОСТИ
Основное заглавие Метод аутотрансплантации фрагмента большого сальника на головной мозг с целью компенсации нарушения мозгового кровообращения
Сведения, относящиеся к заглавию Метод. рекомендации N 98/133
Первые сведения об ответственности М-во здравоохранения Рос. Федерации, [Рос. н.-и. нейрохирург. ин-т им. проф. А.Л. Поленова
Последующие сведения об ответственности Подгот. засл. деят. науки РФ, проф., д.м.н. Г.С. Тиглиевым и др.]
210 ## - ПУБЛИКАЦИЯ, РАСПРОСТРАНЕНИЕ И ДР.
Место издания, распространения и т.д. СПб.
Имя издателя, распространителя и т. д. Программа
Дата издания, распространения и т.д. 1998
215 ## - ФИЗИЧЕСКАЯ ХАРАКТЕРИСТИКА
Специфическое обозначение материала и объем 8 с.
Размеры 21
Сопроводительный материал [1] отд. л. прил.
606 0# - НАИМЕНОВАНИЕ ТЕМЫ КАК ПРЕДМЕТ
Наименование темы Сальник
Тематический подзаголовок Аутопластическая пересадка при расстройствах кровообращения головного мозга
Системный номер авторитетной/нормативной записи 2262009
Идентификатор авторитетной/нормативной записи RU\NLR\auth\661356210
606 0# - НАИМЕНОВАНИЕ ТЕМЫ КАК ПРЕДМЕТ
Наименование темы Головной мозг
Тематический подзаголовок Кровообращение
-- Расстройства
-- Хирургическое лечение
Системный номер авторитетной/нормативной записи 1458839
Идентификатор авторитетной/нормативной записи RU\NLR\auth\66309128
686 ## - ИНДЕКСЫ ДРУГИХ КЛАССИФИКАЦИЙ
Индекс Р636.770.3-599.9я8
702 #1 - ИМЯ ЛИЦА - ВТОРИЧНАЯ ОТВЕТСТВЕННОСТЬ
Начальный элемент ввода Тиглиев
Часть имени, кроме начального элемента ввода Г. С.
Расширение инициалов личного имени Георгий Самуилович
Код отношения Составитель
712 02 - НАИМЕНОВАНИЕ ОРГАНИЗАЦИИ - ВТОРИЧНАЯ ОТВЕТСТВЕННОСТЬ
Код отношения Прочие
Начальный элемент ввода Российский научно-исследовательский нейрохирургический институт им. А. Л. Поленова
Идентифицирующий признак Санкт-Петербург
Системный номер авторитетной/нормативной записи 285544
Идентификатор авторитетной/нормативной записи RU\NLR\AUTH\886806
801 #0 - ИСТОЧНИК ЗАПИСИ
Страна Российская Федерация
Организация NLR
Дата составления 20021003
Правила каталогизации PSBO
801 #1 - ИСТОЧНИК ЗАПИСИ
Страна Российская Федерация
Организация NLR
Дата составления 20021003
942 ## - ДОПОЛНИТЕЛЬНЫЕ ЭЛЕМЕНТЫ ЗАПИСИ (АБИС)
Тип экземпляра АБИС Книга
980 ## - КОЛЛЕКЦИЯ
Название коллекции Национальная библиография
Экземпляры
Тип экземпляра Дата поступления Источник поступления Библиотека постоянного хранения Библиотека текущего хранения Место хранения Шифр хранения Штрих-код Статус экземпляра
Книга 03.10.2002 Контрольный экземпляр из типографии РНБ (Московский) РНБ (Московский) Русский книжный фонд: издания с 1957 года 2002-4/11379 340600